End of the Day - One Direction (All Lyrics) - Statistics

General Stats
  • This quiz has been taken 107 times
    105 since last reset
  • The average score is 397 of 440
Answer Stats
Lyrics % Correct
I
100%
i
100%
know
100%
on
100%
a
99%
at
99%
(at
99%
day
99%
day)
99%
the
99%
you
99%
end
97%
is
97%
no
97%
of
97%
all
96%
and
96%
love
96%
love,
96%
me,
96%
me
96%
want
96%
want,
96%
what
96%
when
96%
your
96%
say
94%
that
94%
there
94%
who
94%
"you're
94%
you're
94%
do
93%
to
93%
was
93%
be
91%
down
91%
down,
91%
for
91%
her
91%
her,
91%
she
91%
can
90%
one
90%
other
90%
said,
90%
said
90%
sure
90%
way
90%
babe"
89%
didn't
89%
if
89%
just
89%
moon
89%
not
89%
told
89%
fire,
87%
fire
87%
loved
87%
mistakes
87%
word
87%
heart
86%
heart,
86%
it's
86%
roof
86%
even
84%
follow
84%
heard
84%
party
84%
windy
84%
ain't
83%
break
83%
girl,
83%
million
83%
oh
83%
pretty
83%
though
83%
downstairs,
81%
then
80%
but,
79%
there's
79%
came
77%
from
77%
left
77%
something
77%
nothing
76%
only
76%
sometimes
76%
i've
74%
lightning
73%
my
73%
will
73%
flu
70%
in
70%
it'll
70%
devil,
67%
dying
67%
frightening
67%
learned
67%
forever
66%
later,
66%
minutes
66%
thinks
66%
20
64%
over,
64%
alright
63%
hospital
61%
sun
61%
mum
60%
night
60%
priest
60%
dreaming
59%
everything
59%
goes
57%
keep
57%
stay
57%
up
56%
city's
53%
awake
51%
sleeping
51%
had
50%
wound
39%
No matching quizzes found
Score Distribution
Percent of People with Each Score
Percentile by Number Answered
Your Score History
You have not taken this quiz since the last reset